000 00964nas a2200277 4500
001 BR8401818
003 BR-BrBNA
005 20231205085858.0
007 ta
008 230509b bl.|||p| |||| 00| 00por d
040 _aBR-BrBNA
_bpor
_cBiblioteca Nacional de Agricultura
041 _a(Pt)
072 _aF25
100 1 _aMonteiro, F.A.
100 1 _aColozza, M.T.
100 1 _aWerner, J.C.
100 1 _aOliveira, J.B. de
245 1 _aLimitacoes de fertilidade em solos de seis localidades paulistas para o cultivo da soja-perene [Glycine wightii, Brasil]
246 1 _aFertility limitation in soils from six places of the State of Sao Paulo for perennial soybean cultivation [Glycine wightii, Brazil]
650 _aSOJA PERENE
650 _aFERTILIZANTE
650 _aSAO PAULO
773 0 _tZootecnia (Brazil)
_xISSN 0044-5320
_g(Jul 1983), v. 21(3) p. 181-212
_wBR8401818
909 _a202311
_bLúcia
_c55
_dLúcia Elande
942 _2AGRIS
_n0
_cANA
999 _c114480
_d114480